000 00332nam a2200133Ia 4500
008 151213s9999 xx 000 0 und d
100 _aNorman Page
245 _aThe Bluest Eye (1970)
_cNorman Page
260 _aLeeds
_bLeeds University
_c1992
300 _a3535 p.
650 _aEnglish
700 _aNorman Page
999 _c2341
_d2341